| 000 -CABECERA |
| campo de control de longitud fija |
01188nam a2200301 u 4500 |
| 001 - NÚMERO DE CONTROL |
| campo de control |
000057393 |
| 005 - FECHA Y HORA DE LA ÚLTIMA TRANSACCIÓN |
| campo de control |
20200120223606.0 |
| 008 - DATOS DE LONGITUD FIJA--INFORMACIÓN GENERAL |
| campo de control de longitud fija |
130702s2010 ck a r 000 0 spa d |
| 020 ## - NÚMERO INTERNACIONAL ESTÁNDAR DEL LIBRO |
| Número Internacional Estándar del Libro |
9789583035487 |
| 041 0# - CÓDIGO DE LENGUA |
| Código de lengua del texto/banda sonora o título independiente |
*spa |
| Código de lengua original |
eng |
| 043 ## - CÓDIGO DE ÁREA GEOGRÁFICA |
| Código de área geográfica |
s-ck--- |
| 082 04 - NÚMERO DE LA CLASIFICACIÓN DECIMAL DEWEY |
| Número de clasificación |
611.007 |
| Número de documento/Ítem |
S72 |
| Número de edición |
21 |
| 100 1# - ENTRADA PRINCIPAL--NOMBRE DE PERSONA |
| Nombre de persona |
Stewart, David |
| 245 13 - MENCIÓN DE TÍTULO |
| Título |
El diario secreto de Victor Frankenstein sobre sus trabajos en el cuerpo humano : |
| Resto del título |
confidencial / |
| Mención de responsabilidad, etc. |
David Stewart ; ilustrador Penko Gelev ; traducción María Patricia Esguerra. |
| 250 ## - MENCIÓN DE EDICIÓN |
| Mención de edición |
1a. ed. |
| 260 ## - PUBLICACIÓN, DISTRIBUCIÓN, ETC. |
| Lugar de publicación, distribución, etc. |
Bogotá : |
| Nombre del editor, distribuidor, etc. |
Panamericana, |
| Fecha de publicación, distribución, etc. |
2010. |
| 300 ## - DESCRIPCIÓN FÍSICA |
| Extensión |
47 p. : |
| Otras características físicas |
il. |
| 500 ## - NOTA GENERAL |
| Nota general |
Incluye glosario de términos médicos del estudiante |
| 500 ## - NOTA GENERAL |
| Nota general |
Incluye hojas plegables en las p. 17, 27, 34, 43 y 3 folletos en las p. 5, 7 |
| 500 ## - NOTA GENERAL |
| Nota general |
Título original : The secret journal of Victor Frankenstein on the workings of the human body |
| 650 14 - PUNTO DE ACCESO ADICIONAL DE MATERIA--TÉRMINO DE MATERIA |
| Término de materia o nombre geográfico como elemento de entrada |
Anatomía Humana |
| Subdivisión de forma |
Obras Ilustradas. |
| 650 24 - PUNTO DE ACCESO ADICIONAL DE MATERIA--TÉRMINO DE MATERIA |
| Término de materia o nombre geográfico como elemento de entrada |
Cuerpo Humano |
| Subdivisión de forma |
Obras Ilustradas |
| 650 24 - PUNTO DE ACCESO ADICIONAL DE MATERIA--TÉRMINO DE MATERIA |
| Término de materia o nombre geográfico como elemento de entrada |
Fisiología Humana |
| Subdivisión de forma |
Obras Ilustradas |
| 650 24 - PUNTO DE ACCESO ADICIONAL DE MATERIA--TÉRMINO DE MATERIA |
| Término de materia o nombre geográfico como elemento de entrada |
Huesos |
| Subdivisión de forma |
Obras Ilustradas |
| 650 24 - PUNTO DE ACCESO ADICIONAL DE MATERIA--TÉRMINO DE MATERIA |
| Término de materia o nombre geográfico como elemento de entrada |
Musculos |
| Subdivisión de forma |
Obras Ilustradas |
| 700 1# - PUNTO DE ACCESO ADICIONAL--NOMBRE DE PERSONA |
| Nombre de persona |
Gelev, Penko |
| Término indicativo de función/relación |
il. |
| 700 1# - PUNTO DE ACCESO ADICIONAL--NOMBRE DE PERSONA |
| Nombre de persona |
Esguerra, María Patricia |
| Término indicativo de función/relación |
tr. |